000 00796nam a2200265Ia 4500
003 OSt
005 20221005062224.0
006 a|||||r|||| 00| 0
007 ta
008 221004b |||||||| |||| 00| 0 eng d
020 _a9781408205068 (pbk)
_cIndian Rupees 895
024 _a43832
037 _bGift, 29/05/2019,
_cTextual
040 _aCRL
_cCRL
_beng
041 _2eng
_aeng
082 _aT:3(P), Q2
100 _aHall Joan Kelly Au.
_9601583
245 0 _aTeaching and researching language and culture
250 _a2nd
260 _aLondon
_bRoutledge UK
_c2012
300 _ax,264p.
_ccm.
650 _aLANGUAGE AND LANGUAGES - STUDY AND TEACHING
_9583202
942 _hT:3(P), Q2
_cTEXL
_2cc
999 _c969383
_d969383